De las diferentes clases de República y si son más de tres /

Jean Bodin jurista, filósofo y político francés es considerado como uno de los pensadores que sentaron las bases de la ciencia política en general y, en particular de la teoría del Estado, que aborda en el presente artículo.

Збережено в:
Бібліографічні деталі
Автор: Bodin, Jean (autor)
Формат: Книга
Мова:Іспанська
Серія:(Materiales de Cultura y Divulgación Política Mexicana ; 9)
Предмети:
Теги: Додати тег
Немає тегів, Будьте першим, хто поставить тег для цього запису!

MARC

LEADER 00000nam^a2200000^a^4500
001 000121127
005 20250521000000.0
009 20260310094416.521
037 |a Acervo ITESO - Biblioteca 
041 |a ESP 
082 |a 320. 012  |b BOD 
100 |a Bodin, Jean  |e (autor) 
245 1 0 |a De las diferentes clases de República y si son más de tres /  |c J. Bodin. 
264 |a México :  |b Partido Revolucionario Institucional, Comité Ejecutivo Nacional,  |c fecha no identificada 
300 |a 30 p. 
336 |a texto  |b txt  |2 rdacontenido 
337 |a sin mediación  |b n  |2 rdamedio 
338 |a volumen  |b nc  |2 rdasoporte 
440 1 |a (Materiales de Cultura y Divulgación Política Mexicana ;  |v 9) 
520 |a Jean Bodin jurista, filósofo y político francés es considerado como uno de los pensadores que sentaron las bases de la ciencia política en general y, en particular de la teoría del Estado, que aborda en el presente artículo. 
649 |a XX 
650 |a Estado, El -  |x Teoría -  |x Tema Principal 
650 |a Monarquía 
650 |a Nobleza 
650 |a Democracia 
650 |a República 
650 |a Sistema Político -  |x Tema Principal 
650 |a Filosofía Política -  |x Historia -  |y Siglo XVI 
650 |a Política -  |x Teoría 
910 |a Fondo Salvador Reynoso Reynoso 
920 |a Impresos - Libros 
930 |a Fondos Especiales 
905 |a 112 
901 |a 0800006208  |b IT2  |c ESP  |u 20250521 
902 |a https://opac.biblio.iteso.mx/vufind/Record/000121127